000 00457nam a2200181Ia 4500
001 21464
005 20260306172921.0
008 260306t2005||||xx |||||||||||||| ||spa||
041 _aESP
082 _a345
_bY13
100 _aYacobucci, Guillermo Jorge (Dir.)
_eAUT
245 0 _aLos desafíos del derecho penal en el siglo XXI
260 _c2005
300 _a1085 páginas :
_c25 cm.
650 _aGEN
654 _aCDE
942 _cLIB
_dJUS
_fJUS
_2ddc
_n
999 _c21464
_d21464